000 00956nam a2200313 n 4500
001 200443494
999 _c200443494
_d61706
003 TR-IsYBT
005 20250829140008.0
007 ta
008 211011s2021$$$$tu $r01 $$$$ tur u
020 _a9789750267116
040 _aTR-AnTOB
_btur
_cTR-AnTOB
_erda
041 0 _atur
044 _ctu
050 0 0 _aKKX920
090 0 0 _aKKX920
_b.Ş46t 2021
100 1 _aŞener, Oruç Hami
_973161
245 1 _aTicari uyuşmazlıklarda ticaret mahkemelerinin görev alanı ve yetki sözleşmesi /
_cOruç Hami Şener.
264 1 _aAnkara :
_bSeçkin Yayıncılık,
_c2021.
300 _axvi, 334 pages ;
_c25 cm
336 _2rdacontent
_btxt
_atext
337 _2rdamedia
_bn
_aunmediated
338 _2rdacarrier
_bnc
_avolume
490 0 _aHukuk no ;
_v2680.
500 _aIncludes bibliographical references and indexes.
650 7 _aTicaret hukuku
_zTürkiye
_2etuturkob
_934380
942 _2lcc
_cBK